Online
Catalog

La libertad / (Record no. 34482)

MARC details
000 -CABECERA
campo de control de longitud fija 00831nam a2200229 a 4500
001 - NÚMERO DE CONTROL
campo de control 000034991
005 - FECHA Y HORA DE LA ÚLTIMA TRANSACCIÓN
campo de control 20200930074031.0
008 - DATOS DE LONGITUD FIJA--INFORMACIÓN GENERAL
campo de control de longitud fija 111024s1958 ag 000 0 spa d
040 ## - FUENTE DE LA CATALOGACIÓN
Centro catalogador/agencia de origen DO-SdBNP
Lengua de catalogación spa
Centro/agencia transcriptor BNPHU
082 ## - NÚMERO DE LA CLASIFICACIÓN DECIMAL DEWEY
Número de clasificación 323.4
Número de documento/Ítem G212L
100 1# - ENTRADA PRINCIPAL--NOMBRE DE PERSONA
Nombre de persona Garaudy, Roger,
Fechas asociadas al nombre 1913-
9 (RLIN) 60583
240 13 - TÍTULO UNIFORME
Título uniforme La liberté
Lenguaje de la obra español
245 13 - MENCIÓN DE TÍTULO
Título La libertad /
Mención de responsabilidad, etc. Roger Garaudy ; traducido del francés Sara Manso.
260 ## - PUBLICACIÓN, DISTRIBUCIÓN, ETC.
Lugar de publicación, distribución, etc. Buenos Aires :
Nombre del editor, distribuidor, etc. Lautaro,
Fecha de publicación, distribución, etc. 1958.
300 ## - DESCRIPCIÓN FÍSICA
Extensión 509, [4] p. ;
Dimensiones 21 cm.
500 ## - NOTA GENERAL
Nota general Traducido del francés.
504 ## - NOTA DE BIBLIOGRAFÍA, ETC.
Nota de bibliografía, etc. Incluye referencias bibliográficas y notas al pie de las páginas.
590 ## - NOTA LOCAL (RLIN)
Nota local Perteneció a la biblioteca personal de Juan Isidro Jimenes Grullón.
650 #4 - PUNTO DE ACCESO ADICIONAL DE MATERIA--TÉRMINO DE MATERIA
Término de materia o nombre geográfico como elemento de entrada Libertad (ciencia política)
9 (RLIN) 60596
700 1# - PUNTO DE ACCESO ADICIONAL--NOMBRE DE PERSONA
Nombre de persona Manso, Sara,
Término indicativo de función/relación tr.
9 (RLIN) 60597
910 ## - DATOS DE OPCIÓN DEL USUARIO (OCLC)
Datos de opción del usuario Validado. Control de calidad BNPHU
Holdings
Estado de retiro Estado de pérdida Restricciones de uso No para préstamo Código de colección Localización permanente Ubicación/localización actual Ubicación en estantería Fecha de adquisición Número de inventario Total de préstamos Signatura topográfica completa Código de barras Fecha visto por última vez Precio válido a partir de Tipo de ítem Koha Nota pública
      Excluido de préstamo Monografías: Libros y Folletos General General Depósito 24.10.2011 LF1   323.4 G212L 34991-10 25.06.2020 25.06.2020 No se presta Biblioteca Juan Isidro Jiménes Grullón

Powered by Koha